Selecciones que hayan ganado la copa america-MUERTE SUBITA - Estadísticas

Estadísticas generales
  • Esta prueba ha sido intentada 181 veces
  • La puntuación promedio es 6 de 8
Answers on the Grid
Answers color-coded by a green-red scale on the quiz's grid according to % correct below.
Argentina
Brasil
Chile
Uruguay
Colombia
Paraguay
Peru
Bolivia
México
Estados Unidos
Canada
Jamaica
Cuba
Ecuador
Venezuela
Panama
Nicaragua
España
El Salvador
San Vicente y las Granadinas
Trinidad y Tobago
Granada
Barbados
Belice
Guatemala
Dinamarca
Reino Unido
Surinam
Guyana
Francia
 
Estadísticas de respuestas
Respuesta % Correcto
Argentina
87%
Brasil
85%
Uruguay
83%
Chile
82%
Colombia
74%
Peru
59%
Paraguay
56%
Bolivia
42%
No se encontraron pruebas coincidentes
Distribución de puntuación
Porcentaje de gente con cada puntuación
Porcentaje por número respondido
Historial de tus puntuaciones
No has intentado esta prueba.